000
00233 a2200097 4500
001
34661
100
_a
Bose, Pradip Kumar
245
_a
Computer Programming for Social science
260
_a
ND
_b
Vistaar
_c
1986
090
_c
22944
_d
22944
942
_a
NUST-CAE
_c
M
_c
14385
999
_c
269734
_d
269734